LS Constituencies of Maharashtra - Statistics

General Stats
  • This quiz has been taken 19 times
  • The average score is 24 of 48
Answer Stats
Answer % Correct
Amravati
100%
Aurangabad
100%
Satara
100%
Pune
92%
Kolhapur
83%
Nashik
83%
Solapur
83%
Akola
75%
Nagpur
75%
Thane
75%
Ahmednagar
67%
Baramati
67%
Dhule
67%
Jalgaon
67%
Nanded
67%
Sangli
67%
Wardha
67%
Beed
58%
Kalyan
58%
Latur
58%
Mumbai North
58%
Mumbai South
58%
Palghar
58%
Raigad
58%
Chandrapur
50%
Jalna
50%
Mumbai North East
50%
Mumbai North West
50%
Osmanabad
50%
Buldhana
42%
Parbhani
42%
Mumbai North Central
33%
Mumbai South Central
33%
Nandurbar
33%
Raver
33%
Hingoli
25%
Madha
25%
Maval
25%
Ramtek
25%
Ratnagiri-Sindhudurg
25%
Shirdi
25%
Bhiwandi
17%
Dindori
17%
Shirur
17%
Yavatmal-Washim
17%
Bhandara-Gondiya
8%
Gadchiroli-Chimur
8%
Hatkanagle
0%
No matching quizzes found
Score Distribution
Percent of People with Each Score
Percentile by Number Answered
Your Score History
You have not taken this quiz